000 00616nam a2200169 a 4500
008 120416s1955 ||||||||||||||||| || u
050 _aQH 75 All
100 _aAllen, Shirley W
245 1 0 _aConserving natural resources: principles and practice in a democracy
260 _aNew York
_bMcGraw-Hill
_c1955
300 _aix, 347p. : ill
350 _a0.00
650 0 _aNATURE
650 _aCONSERVATION OF NATURAL RESOURCES
650 _aNATURAL RESOURCES
995 _D0.00
_FCBU-MAIN LIBRARY (Kitwe)
_H1
_I0.00
_M1
_UAVAILABLE
_ZMain Library Open Access Collection
999 _c38465
_d38465